Principles of coaching football /

This book is about: The nature and benefits of the game of football; Research and football coaching...

Đã lưu trong:
Bibliografiske detaljer
Hovedforfatter: Bobo, Mike.
Andre forfattere: Dykes, Spike.
Format: Bog
Sprog:English
Udgivet: Boston : Allyn and Bacon, 1998.
Fag:
Tags: Tilføj Tag
Ingen Tags, Vær først til at tagge denne postø!
Thư viện lưu trữ: Mạng thư viện Đại học Đà Nẵng
LEADER 01063cam a2200373 i 4500
001 000047594
003 7284
005 20030312164024.0
008 010326|1998 vm 000 eng
020 |a 0205262538 
040 |a IRC  |c IRC  |d IRC 
041 0 |a eng 
082 1 4 |a 796.332077  |b BO-M 
100 1 |a Bobo, Mike. 
245 0 0 |a Principles of coaching football /  |c Mike Bobo, Spike Dykes. 
260 |a Boston :  |b Allyn and Bacon,  |c 1998. 
300 |a xii, 287 p. :  |b ill. ;  |c 23.5cm. 
520 3 |a This book is about: The nature and benefits of the game of football; Research and football coaching... 
630 0 4 |a School sports. 
630 0 4 |a Footbal. 
630 0 4 |a Coaching. 
650 0 4 |a Football  |x Coaching  |z United States. 
650 0 4 |a School sports  |x Coaching  |z United States. 
700 1 |a Dykes, Spike. 
OWN |a DUT 
999 |a From the UDN01 
TYP |a Monograph 
TYP |a Printed language 
980 |a Mạng thư viện Đại học Đà Nẵng